Encyclopedia of forensic science (Record no. 394395)

MARC details
000 -LEADER
fixed length control field 00330 a2200133 4500
000 - LEADER
fixed length control field nam a22 7a 4500
100 ## - MAIN ENTRY--PERSONAL NAME
Personal name Mcluhan
110 ## - MAIN ENTRY--CORPORATE NAME
Corporate name or jurisdiction name as entry element Mcluhan
245 ## - TITLE STATEMENT
Title Encyclopedia of forensic science
250 ## - EDITION STATEMENT
Edition statement Latest edition
260 ## - PUBLICATION, DISTRIBUTION, ETC.
Name of publisher, distributor, etc. brilliance publishing
Date of publication, distribution, etc. 2027
264 ## - PRODUCTION, PUBLICATION, DISTRIBUTION, MANUFACTURE, AND COPYRIGHT NOTICE
Name of producer, publisher, distributor, manufacturer brilliance publishing
Date of production, publication, distribution, manufacture, or copyright notice 2027
942 ## - ADDED ENTRY ELEMENTS (KOHA)
Koha item type Books
Holdings
Date last seen Total checkouts Barcode Cost, replacement price Price effective from Koha item type Lost status Source of classification or shelving scheme Damaged status Not for loan Withdrawn status Home library Current library Date acquired Source of acquisition Cost, normal purchase price
07/01/2026   444025 13377.10 07/01/2026 Books   Dewey Decimal Classification       VIVEKANANDA LIBRARY VIVEKANANDA LIBRARY 07/01/2026 1032 10032.83
© Designed and Maintained by Vivekananda Library, MDU Rohtak